Zahraničná politika Rakúska a jej stredoeurópska dimenzia diplomová práca

Salvato in:
Dettagli Bibliografici
Autore principale: Lipovský, Richard
Ente Autore: Fakulta medzinárodných vzťahov EU. Katedra medzinárodných ekonomických vzťahov a hospodárskej diplomacie
Altri autori: Mattoš, Boris, 1977-
Natura: Libro
Lingua:slovacco
Pubblicazione: Bratislava 2009
Tags: Aggiungi Tag
Nessun Tag, puoi essere il primo ad aggiungerne!!

MARC

LEADER 00000nam$a2200000$$$4500
001 0097173
005 20240318141017.7
041 0 |a slo 
044 |a SK 
245 1 0 |a Zahraničná politika Rakúska a jej stredoeurópska dimenzia  |b diplomová práca  |c Richard Lipovský ; škol. Boris Mattoš 
264 1 |a Bratislava  |c 2009 
300 |a 66 s. 
100 1 |a Lipovský, Richard 
700 1 |a Mattoš, Boris, 1977- 
710 2 |a Fakulta medzinárodných vzťahov EU. Katedra medzinárodných ekonomických vzťahov a hospodárskej diplomacie